LEADER 01609nam0 22003853i 450 001 BVEE106078 005 20170908093237.0 012 $ar-a, ,ya, enas obne (3) 1762 (Q)$2fei 100 $a20170712d1762 ||||0itac50 ba 101 | $aita$aspa 102 $ait 181 1$6z01$ai $bxxxe 182 1$6z01$an 200 1 $aPrammatica di sua maestà cattolica sulla pratica per l'ammissione in Spagna di bolle e brevi pontificj 210 $a[Madrid$cpresso Antonio Sanz stampatore del Re$d1762] 215 $a16 p.$d4° 300 $aTitolo dell'intitolazione 300 $aLuogo, tipografo e data a c. A2 300 $aSegnatura: A-B⁴ 316 $a1 v. in v. misc.$5IT-NA0079, RACC.VILL.Misc. 304.10 620 $dMadrid$3TO0L002036 710 02$aSpagna$3CFIV067885$4070$077817 712 02$aSanz, Antonio$3UBOV479554$4650 791 02$aEspaña$3BVEV110694$zSpagna 791 02$aReino de España$3BVEV110695$zSpagna 791 02$aSpagna$c $3BVEV110697$zSpagna 791 02$aSpagna$c $3BVEV110698$zSpagna 791 02$aRepública Española$f <1931-1939>$3BVEV110699$zSpagna 801 3$aIT$bIT-NA0079$c20170712 850 $aIT-NA0079 912 $aBVEE106078 950 0$aBiblioteca Nazionale Vittorio Emanuele III$c1 v. in v. misc.$d BNRACC.VILL.Misc. 304.10$e BNVA10015752325 R 1 v. in v. misc.$fC $h20170712$i20170712 977 $a BN 996 $aPrammatica di sua maestà cattolica sulla pratica per l'ammissione in Spagna di bolle e brevi pontificj$91482881 997 $aUNISANNIO